| 000 | 00489nam a2200157Ia 4500 | ||
|---|---|---|---|
| 008 | 170224s9999 xx 000 0 und d | ||
| 100 | _aCharlene Simmons | ||
| 245 | 2 | _aA Marriage of Friends or Foes? Radio, Newspapers, and the Facsimile in the 1930s | |
| 245 | _cCharlene Simmons | ||
| 260 | _bJournal of Broadcasting & Electronic Media | ||
| 260 | _cSeptember | ||
| 300 | _a60:3, Pages: 410-424 | ||
| 500 | _aSeptember | ||
| 650 | _xCommunication Arts | ||
| 650 | _xMultimedia Arts | ||
| 999 |
_c316172 _d316172 |
||